Kadra reprezentacji Portugalii - MŚ 2010 - Statystyki

Ogólne statystyki
  • Ten quiz został rozwiązany 32 razy
  • Średni wynik to 7 z 24
Statystyki odpowiedzi
Nr Zawodnik Poz % Poprawnych
7 Cristiano Ronaldo NA
100%
15 Pepe OB
86%
6 Ricardo Carvalho OB
72%
20 Deco PO
48%
23 Fábio Coentrão OB
48%
3 Paulo Ferreira OB
45%
11 Simão Sabrosa NA
45%
2 Bruno Alves OB
34%
21 Ricardo Costa OB
34%
16 Raul Meireles PO
31%
19 Tiago PO
28%
12 Beto BR
24%
1 Eduardo BR
21%
22 Daniel Fernandes BR
17%
18 Hugo Almeida NA
17%
14 Miguel Veloso PO
17%
13 Miguel OB
14%
5 Duda OB
10%
8 Pedro Mendes PO
10%
17 Rúben Amorim PO
10%
# Carlos Queiroz Trener
7%
10 Danny NA
7%
9 Liédson NA
7%
4 Rolando OB
7%
Nie znaleziono quizów pasujących do podanych kryteriów
Rozkład punktacji
Procent ludzi z każdym wynikiem
Percentyl według liczby udzielonych odpowiedzi
Twoja historia wyników
Nie rozwiązałeś tego quizu